000 00487nam a2200157 i 4500
001 74598
003 ES-MaACL
005 20230906172201.0
007 t|
008 040920s1919 fr ||||1| fre d
100 1 _aGoulven, J.
_959349
245 1 3 _aLe Maroc
_b: les ressources de ses regions, la mise en valeur /
_cJ. Goulven ; préface de Auguste Terrier.
260 _a[S.l. :
_bs.n.,
_c1919] (
_eLaval :
_fL. Barnéoud)
300 _aXI, 282 p. ;
_c25 cm.
852 _aES-MaACL
_jC-2129
999 _c74598
_d74598